Catálogo
 En Linea

Cruz e Sousa : (Registro nro. 35113)

Detalles MARC
000 -CABECERA
campo de control de longitud fija 00784nam a2200217 a 4500
001 - NÚMERO DE CONTROL
campo de control 000035622
005 - FECHA Y HORA DE LA ÚLTIMA TRANSACCIÓN
campo de control 20200930074459.0
008 - DATOS DE LONGITUD FIJA--INFORMACIÓN GENERAL
campo de control de longitud fija 111105s2010 bl 000 0 spa d
020 ## - NÚMERO INTERNACIONAL ESTÁNDAR DEL LIBRO
Número Internacional Estándar del Libro 9788576171911
040 ## - FUENTE DE LA CATALOGACIÓN
Centro catalogador/agencia de origen DO-SdBNP
Lengua de catalogación spa
Centro/agencia transcriptor BNPHU
082 ## - NÚMERO DE LA CLASIFICACIÓN DECIMAL DEWEY
Número de clasificación 928.69
Número de documento/Ítem O48c
100 1# - ENTRADA PRINCIPAL--NOMBRE DE PERSONA
Nombre de persona Oliveria Neto, Godofredo de,
Fechas asociadas al nombre 1951-
9 (RLIN) 61526
245 10 - MENCIÓN DE TÍTULO
Título Cruz e Sousa :
Resto del título o poeta alforriado /
Mención de responsabilidad, etc. Godofredo de Oliveira Neto.
260 ## - PUBLICACIÓN, DISTRIBUCIÓN, ETC.
Lugar de publicación, distribución, etc. Rio de Janeiro :
Nombre del editor, distribuidor, etc. Ministerio da Cultura, Fundação Biblioteca Nacional :
-- Garamon,
Fecha de publicación, distribución, etc. 2010.
300 ## - DESCRIPCIÓN FÍSICA
Extensión 158 p. ;
Dimensiones 21 cm.
490 1# - MENCIÓN DE SERIE
Mención de serie Personalidades negras
600 14 - PUNTO DE ACCESO ADICIONAL DE MATERIA--NOMBRE DE PERSONA
Nombre de persona SOUZA, CRUZ E,
Fechas asociadas al nombre 1861-1898
9 (RLIN) 61527
650 #4 - PUNTO DE ACCESO ADICIONAL DE MATERIA--TÉRMINO DE MATERIA
Término de materia o nombre geográfico como elemento de entrada Autores brasileños
Subdivisión cronológica SIGLO XIX
Subdivisión general Biografías
9 (RLIN) 61528
830 #0 - PUNTO DE ACCESO ADICIONAL DE SERIE-TÍTULO UNIFORME
Título uniforme Personalidades negras
9 (RLIN) 59292
910 ## - DATOS DE OPCIÓN DEL USUARIO (OCLC)
Datos de opción del usuario Validado. Control de calidad MFF
Existencias
Estado de retiro Estado de pérdida Restricciones de uso No para préstamo Código de colección Localización permanente Ubicación/localización actual Ubicación en estantería Fecha de adquisición Número de inventario Total de préstamos Signatura topográfica completa Código de barras Fecha visto por última vez Precio válido a partir de Tipo de ítem Koha
      Excluido de préstamo Monografías: Libros y Folletos General General En catalogación 05.11.2011 LF1   928.69 O48c 35622-10 25.06.2020 25.06.2020 No se presta

Con tecnología Koha